Κομμουνισμός - Καπιταλισμός - εθνική γλώσσα

Saved in:
Bibliographic Details
Main Author: Καϊάφας, Ιωάννης
Format: Book
Language:Greek
Published: Πάτραι : Χαρ. Καγιαφά, [19--]
Subjects:
Tags: Add Tag
No Tags, Be the first to tag this record!

MARC

LEADER 00000cam a2200000 i 4500
001 1/92840
008 080829q19501960 gre d
035 |l 10099777 
040 |a GR-MY-UA  |b gre  |e aacr 
041 0 |a gre 
082 0 |a 335.437  |2 (22) 
100 1 |a Καϊάφας, Ιωάννης. 
245 1 0 |a Κομμουνισμός - Καπιταλισμός - εθνική γλώσσα /  |c Ιωάννου Καϊάφα 
260 |a Πάτραι :   |b Χαρ. Καγιαφά,   |c [19--] 
300 |a 85 σ.;  |c 21 εκ. 
650 0 0 |a Communism and society. 
650 0 0 |a Capitalism. 
650 0 0 |a Socialism. 
852 |a INST  |b RHODES  |c AKA  |e 20080829  |h  335.437 ΚΑΙ  |p 005400027424  |q 005400027424  |t BK  |y 0 
901 |a BIBL4-2008-2 
909 |a Ρ  |b 152784 
970 |a ΚΟΖΑ  |b ΜΑΡΙΑ  |z 2008/08/29